banner-ar

الاضاءة ووسائلها فى مصر الفرعونية / (Record no. 59938)

MARC details
000 -الفاتح
حقل البيانات ثابتة الطول 01092nam a22002777a 4500
005 - وقت وتاريخ اخر تعامل مع التسجيلة
رقم الضبط 20240530110344.0
008 - عناصر البيانات ثابتة الطول - معلومات عامة
حقل البيانات ثابتة الطول 141126s2009 ua o frb 000 0 ara d
040 ## - مصدر الفهرسة
وكالة الفهرسة الأصلية EG-CaGPL
041 0# - رمز اللغة
رمز لغة النص/ المسارات الصوتية أو العنوان الانفرادي ara
082 04 - رقم تصنيف ديوى العشرى
رقم الطبعة 21
رقم التصنيف 932\
رقم المادة ق/ع إ
100 0# - المدخل الرئيسى - إسم شخصى
الإسم الشخصى عبدالواحد عبدالسلام ابراهيم
245 12 - بيان العنوان
العنوان الاضاءة ووسائلها فى مصر الفرعونية /
بيان المسئوليه,etc عبدالواحد عبدالسلام ابراهيم
260 ## - PUBLICATION, DISTRIBUTION, ETC. (IMPRINT)
تاريخ النشر أو التوزيع 2009
300 ## - الوصف المادى
التعداد 322 ص :
تفاصيل ماديه اخرى للوعاء ايض ؛
أبعاد الوعاء 24 سم
504 ## - تبصرة ببليوجرافية
تبصرة ببليوجرافية,الخ ببليوجرافية : ص 305 - 322
650 04 - المدخل الاضافى بالموضوع-مصطلح موضوعى
مصطلح موضوعي الاضاءة بالزيت
650 04 - المدخل الاضافى بالموضوع-مصطلح موضوعى
مصطلح موضوعي الاضاءة الطبيعية
650 04 - المدخل الاضافى بالموضوع-مصطلح موضوعى
مصطلح موضوعي المعابد المصرية القديمة
650 04 - المدخل الاضافى بالموضوع-مصطلح موضوعى
مصطلح موضوعي المصابيح
التقسيم الفرعي العام اشكال
650 04 - المدخل الاضافى بالموضوع-مصطلح موضوعى
مصطلح موضوعي المصابيح
650 04 - المدخل الاضافى بالموضوع-مصطلح موضوعى
مصطلح موضوعي العمارة الجنائزية
650 04 - المدخل الاضافى بالموضوع-مصطلح موضوعى
مصطلح موضوعي العمارة الدينية
650 04 - المدخل الاضافى بالموضوع-مصطلح موضوعى
مصطلح موضوعي العمارة الدنيوية
التقسيم الفرعي العام الاضاءة الطبيعية
942 ## - عناصر المدخل الإضافي( كوها)
مصدر التصنيف او مخطط الترفيف Dewey Decimal Classification
Koha [default] item type كتاب
260 ## - PUBLICATION, DISTRIBUTION, ETC. (IMPRINT)
-- الاسكندرية :
-- دار المعرفة الجديدة ،
Holdings
حالة التراجع حالة الفقد حالة تلف ليس للاعارة المكان المؤقت الموقع الحالى تاريخ الاكتساب اجمالي اﻻعارات رقم الطلب الباركود تاريخ اخر مشاهدة تاريخ تفعيل السعر نوع وعاء كوها
        مكتبة القاهرة الكبرى مكتبة القاهرة الكبرى 11/26/2014   932\ ق/ع إ 158903 11/26/2014 11/26/2014 كتاب

Powered By

EGPV